MARVEL CHARACTERS NAMES BY ALIAS - Statistics

General Stats
  • This quiz has been taken 37 times
  • The average score is 26 of 45
Answer Stats
Hint Answer % Correct
Iron Man Tony Stark
100%
Winter Soldier Bucky Barnes
97%
Spider-Man Peter Parker
97%
Captain America Steve Rodgers
97%
The Hulk Bruce Banner
94%
Hawkeye Clint Barton
91%
Black Widow Natasha Romanoff
88%
Quick Silver Pietro Maximoff
85%
Doctor Strange Stephen Strange
85%
Black Panther T'Challa
85%
Scarlet Witch Wanda Maximoff
85%
War Machine James Rhodes
82%
Star-lord Peter Quill
79%
Captain Marvel Carol Danvers
76%
Professor X Charles Xavier
76%
Ant-Man (new) Scott Lang
76%
Phoenix Jean Grey
74%
Mr. Fantastic Reed Richards
68%
The Wasp Hope Van Dyne
65%
Human Torch Johnny Storm
65%
The Falcon Sam Wilson
65%
Invisible Woman Susan Storm
65%
Deadpool Wade Wilson
65%
Ms. Marvel Kamala Khan
59%
Daredevil Matt Murdock
56%
Black Widow (sister) Yelena Belova
56%
Punisher Frank Castle
50%
Moonknight Marc Spector
50%
Cyclops Scott Summers
50%
U.S. Agent John Walker
47%
Kingpin Wilson Fisk
47%
Photon Monica Rambeau
44%
Iron Fist Danny Rand
35%
Iron Heart Riri Williams
35%
Echo Maya Lopez
26%
Black Night Dane Whitman
24%
Sabretooth Victor Creed
24%
Juggernaut Cain Marko
21%
Red Guardian Alexei Shostakov
15%
Psylocke Betsy Braddock
15%
Patriot Elijah Bradley
15%
Battlestar Lemar Hoskins
15%
Nova Richard Rider
15%
Enchantress Amora
12%
Nomad Jack Monroe
6%
No matching quizzes found
Score Distribution
Percent of People with Each Score
Percentile by Number Answered
Your Score History
You have not taken this quiz